000 00691nam a2200205 a 4500
001 000022246
005 20200930011641.0
008 100920s1977 mx 000 0 spa d
040 _aDO-SdBNP
_bspa
_cBNPHU
082 _a332.154
_bZ66u
100 1 _aZiegler, Jean.
_945996
245 1 4 _aUna Suiza por encima de toda sospecha /
_cJean Zigler ; traducción María Dolores de la Peña.
260 _aMéxico, D. F. :
_bSiglo Veintiuno Editores,
_c1977.
300 _a221 p. :
_bil. ;
_c18 cm.
651 4 _aSuiza
_xBancos
_945997
651 4 _aSuiza
_xPolítica Económica
_945998
651 4 _aSuiza
_xImperialismo
_945999
700 1 _aPeña, María Dolores de la,
_etr.
_946000
049 _aBNGR
999 _c21744
_d21744